Herby średniowiecznych opatów mogilskich

Titel: Herby średniowiecznych opatów mogilskich / Marcin Starzyński
Verfasser:
Veröffentlicht: Kraków : Towarzystwo Naukowe Societas Vistulana, 2005
Umfang: 134, [32] S. : Ill.
Format: Buch
Sprache: Polnisch
ISBN: 8388385577
Buchumschlag
X
Lokale Klassifikation: 37 4 D 101 ; 37 4 F ; 37 11 C ; 37 8 M 34 ; 37 11 F
alg: 13527684
001A    $03004:18-01-06 
001B    $01999:26-05-23 $t20:36:40.000 
001C    $06002:20-08-07 $t12:58:24.000 
001D    $03004:03-03-06 
001U    $0utf8 
001X    $00 
002@    $0Aau 
003@    $0135276845 
003O    $069452231 $aOCoLC 
004A    $083-88385-57-7 
007A    $0135276845 $aHEB 
007G    $0DE0206BB723BBAB916CD7C1257C2E00434B23 
007T    $0Herdhh135276845 
009P    $qapplication/pdf $A2 $3Inhaltsverzeichnis $uhttp://scans.hebis.de/HEBCGI/show.pl?13527684_toc.pdf $mV:DE-603;B:DE-Mb50 
010@    $apol 
011@    $a2005 
021A    $aHerby średniowiecznych opatów mogilskich $hMarcin Starzyński 
028A    $#Starzyński, Martinus $71057021903 $8Starzyński, Marcin$Z1981- [Tp3] $9346679443 
033A    $pKraków $nTowarzystwo Naukowe Societas Vistulana 
034D    $a134, [32] S. 
034M    $aIll. 
045F    $a929.094386 $eDDC23BSB 
045F/01 $a929 
045F/03 $g4386 
045F/03 $g438 
045G    $a907.2094386 $eDDC23BSB 
045G/01 $a907.2 
045G/03 $g4386 
045H    $a200.943860902 $eDDC23BSB 
045H/01 $a200.9 
045H/03 $f0902 
045H/03 $g4386 
046M    $aLiteraturverz. S. 107 - [120] 

lok: 13527684 24
101B    $007-03-06 $t14:49:00.000 
101C    $007-03-06 
145Z/01 $a37 4 D 101 
145Z/02 $a37 4 F 
145Z/03 $a37 11 C 
145Z/04 $a37 8 M 34 
145Z/05 $a37 11 F 
101U    $0utf8 

exp: 13527684 24 1 #EPN
201B/01 $007-03-06 $t14:49:00.000 
201C/01 $018-01-06 
203@/01 $0341484822 
208@/01 $a07-03-06 $bz 
209A/01 $a06.1208 $du $f050 $h06 1208 $x00 
209C/01 $a06.1208 K $h06 1208 K 
209G/01 $a71008240 $x00 
220C/01 $agro 
247C/01 $8358050-7 Marburg, Bibliothek des Herder-Instituts Marburg $9102600961 
201U/01 $0utf8 

lok: 13527684 78

exp: 13527684 78 1 #EPN
201B/01 $019-04-17 $t19:57:21.000 
201U/01 $0utf8 
203@/01 $0794438261 
208@/01 $a12-11-16 $be 
209A/01 $a/ $f000 $x00 
237A/01 $aweiterführende Signatur(en): Herder-Institut: 06.1208 
244Z/01 $2Trx $#Poola $#Lenkija $#Polija $#Polen Land $#Poland $#Lengyelország $#Poľsko $#Polsko $8--Trx--Polska$gkraj $x01 $9391345966 
244Z/01 $2Trx $8--Trx--Monographie $x02 $9391384546 
245Z/01 $a04.06 $x01 
247C/01 $82080>Marburg/Lahn, Herder-Institut, Forschungsbibliothek, Bibliographieportal $9336309341
LEADER 00000cam a2200000 c 4500
001 135276845
003 DE-603
005 20230526203640.0
007 tu
008 060118s2005 xx |||| | u00||u|pol c
020 |a 8388385577 
035 |a (DE-599)HEB135276845 
035 |a (OCoLC)69452231 
040 |a DE-603  |b ger  |c DE-603  |d DE-603 
041 |a pol 
082 0 4 |8 1\u  |a 929.094386  |q DE-101  |2 23/BSB 
083 0 |8 2\u  |a 907.2094386  |q DE-101  |2 23/BSB 
083 0 |8 3\u  |a 200.943860902  |q DE-101  |2 23/BSB 
085 |8 1\u  |b 929 
085 |8 1\u  |z 2  |s 4386 
085 |8 1\u  |z 2  |s 438 
085 |8 2\u  |b 907.2 
085 |8 2\u  |z 2  |s 4386 
085 |8 3\u  |b 200.9 
085 |8 3\u  |z 1  |s 0902 
085 |8 3\u  |z 2  |s 4386 
100 1 |a Starzyński, Marcin  |d 1981-  |0 (DE-603)346679443  |0 (DE-588)1057021903  |2 gnd 
245 0 0 |a Herby średniowiecznych opatów mogilskich  |c Marcin Starzyński 
264 1 |a Kraków  |b Towarzystwo Naukowe Societas Vistulana  |c 2005 
300 |a 134, [32] S.  |b Ill. 
504 |a Literaturverz. S. 107 - [120] 
856 4 2 |m V:DE-603;B:DE-Mb50  |q application/pdf  |u http://scans.hebis.de/HEBCGI/show.pl?13527684_toc.pdf  |3 Inhaltsverzeichnis 
924 0 |9 Mb 50  |a (DE-603)341484822  |b DE-Mb50  |c HES  |d c  |g 06.1208 
924 0 |9 2080  |a (DE-603)794438261  |b DE-2080  |c HES  |d d  |g /